000 01091naa a22003017a 4500
001 BR8903302
003 BR-BrBNA
005 20240918180504.0
007 ta
008 230509b bl.||||| |||| 00| 0 por d
040 _aBR-BrBNA
_bpor
_cBiblioteca Nacional de Agricultura
041 _a(Pt)
072 _aH10
_b0150
_b4020
_b3877
090 _aH10 BR8903302
100 1 _aCosta, E.C.
100 1 _aLink, D.
111 1 _a17. Reuniao da Cultura do Arroz Irrigado
_cPelotas, RS (Brazil)
_d26-30 Sep 1988
245 1 _aEficiencia de alguns inseticidas, no controle de percevejo Aebalus poecilus (Dallas, 1851), na cultura do arroz
260 3 _aPelotas, RS (Brasil):
_c1988.
500 _a17. Reuniao da Cultura do Arroz Irrigado. Anais Pelotas, RS (Brasil): 1988. p. 240-243 (BR8903302-AM)H10
650 _aARROZ
650 _aPERCEVEJO
650 _aCONTROLE QUIMICO
650 _aINSETICIDA
773 0 _t17. Reuniao da Cultura do Arroz Irrigado. Anais
_wH10 BR8903302
_gPelotas, RS (Brasil), 1988. p. 240-243
909 _a202404
_bLucia
_c55
_dLucia Elande
942 _cAM
_2AGRIS
999 _c320632
_d320632